00347nam a2200109Ia 4500008004100000082000800041100002800049245004000077942000600117952009900123999001500222240331s9999 xx 000 0 und d bCHA aCencsus and Studies. ed 0aChanging role of women in Sri lanka cL 001040708LaWERCLbWERCLcSSCd2024-03-31l0o 305.409 CHAp2747r2024-03-31w2024-03-31yL c5408d5408